000 01110nam0a2200313 4500
001 RU\NLR\BIBL_A\016251466
005 20230216100432.0
010 _a978-5-17-153403-5
_940000
021 _aRU
_bКН-П-22-087014
_9КН-П-22-7706
035 _a(NLR Aleph) 016251466
035 _a(RuMoRGB)011447185
090 _a12828780
_c12828780
100 _a20221229d2022 u y0rusy50 ca
101 1 _arus
_ceng
102 _aRU
105 _ay z 000ay
181 0 _ai
_baxxe
182 0 _an
200 1 _aПроисхождение
_e[роман]
_fДэн Браун
_gперевод с английского И. Болычева, М. Литвиновой-Комненич
203 _aТекст
_bвизуальный
_cнепосредственный
210 _aМосква
_cАСТ
_d2022
215 _a540, [1] с.
_d18
333 _a16+
686 1 _aШ6(7США)67-446{Лх1979-60}
700 1 _aБраун
_bД.
_f1964-
_gДэн
_3RU\NLR\AUTH\7745446
942 _cBOOK
980 _aNB